| 000 | 00603nam a2200217 a 4500 | ||
|---|---|---|---|
| 999 |
_c7500 _d7500 |
||
| 001 | 7500 | ||
| 003 | BD-JhCC | ||
| 005 | 20180211090133.0 | ||
| 008 | 180211s1922 bg a|||| || | 001 0 eng d | ||
| 035 | _a(BD-JhCC)7500 | ||
| 040 |
_aBD-JhCC _dBD-JhCC |
||
| 041 | _aeng | ||
| 082 |
_a940.2 _bMYE 1922 |
||
| 100 | _aMyers, Philip Van Ness | ||
| 245 |
_aA Short History of Modern Medieaval and Ancient Times (I & II Volume) / _cPhilip Van Ness Myers, |
||
| 260 |
_aDacca : _bMollick Brothers _c1922 |
||
| 300 |
_avii 325 p. : _c18 cm. |
||
| 650 |
_aHistory _zEurop |
||
| 942 |
_2ddc _cBK |
||